000 00474cam a2200145 4500500
005 20251012011302.0
041 _afre
042 _adc
100 1 0 _aMichaud, Yves
_eauthor
245 0 0 _aDacia Lodgy (2012). Le travail du consommateur
260 _c2014.
500 _a86
786 0 _nPhilosophie magazine | 83 | 10 | 2014-10-01 | p. 20-20 | 1951-1787
856 4 1 _uhttps://shs.cairn.info/magazine-philosophie-magazine-2014-10-page-20?lang=fr&redirect-ssocas=7080
999 _c1522505
_d1522505